000 00950cam a2200301 a 4500
999 _c6557
_d6557
001 16862380
003 OSt
005 20190117145307.0
008 110708s2011 pau b 000 0 eng d
010 _a 2011282779
020 _a9780768432466 (pbk.)
020 _a0768432464 (pbk.)
035 _a(OCoLC)ocn712793071
040 _aIMF
_cIMF
_dMVP
_dDLC
042 _alccopycat
050 0 0 _aBT453
_b.C43 2011
082 _a232.3
_bC512P
100 1 _aChavda, Mahesh,
_d1946-
245 1 4 _aThe power of the Cross :
_bepicenter of glory /
_cMahesh and Bonnie Chavda.
260 _aShippensburg, PA :
_bDestiny Image,
_cc2011.
300 _a251 p. ;
_c21 cm.
504 _aIncludes bibliographical references.
600 0 0 _aJesus Christ
_xCrucifixion.
700 1 _aChavda, Bonnie.
906 _a7
_bcbc
_ccopycat
_d3
_encip
_f20
_gy-gencatlg
942 _2ddc
_cBK